Quotable Comedians Quiz Stats

 Plays Quiz Updated Aug 20, 2019

Score 0/20 Timer 08:00
0 Plays Today
Quote Comedian % Correct
You might be a redneck if...you've ever cut your grass and found a car.Jeff Foxworthy
61.5%
I live in a neighborhood so bad that you can get shot while getting shot.Chris Rock
52.5%
Have you ever noticed that anybody going slower than you is an idiot and anyone going faster than you is a maniac? George Carlin
51.1%
My parents didn't want to move to Florida, but they turned sixty, and that's the law.Jerry Seinfeld
45.1%
I could tell my parents hated me. My bath toys were a toaster and a radio.Rodney Dangerfield
38.8%
The first time I see a jogger smiling, I'll consider it.Joan Rivers
36%
I had to stop drinkin', cuz I got tired of waking in my car driving ninety.Richard Pryor
32%
I would go out with women my age, but there are no women my age.George Burns
22.7%
I have had a perfectly wonderful evening, but this wasn't it. Groucho Marx
22.1%
I am not afraid of death. I just don’t want to be there when it happens. Woody Allen
18.5%
Quote Comedian % Correct
I do benefits for all religions - I'd hate to blow the hereafter on a technicality.Bob Hope
17.3%
When I was a little kid, we had a quicksand box. I was an only child … eventually.Steven Wright
15.9%
My husband said he needed more space. So I locked him outside.Roseanne Barr
14.5%
My grandmother started walking five miles a day when she was sixty. She's ninety-seven now, and we don't know where the hell she is.Ellen DeGeneres
13.6%
I take my wife everywhere, but she keeps finding her way back. Henny Youngman
11.6%
When you're eight years old nothing is your business.Lenny Bruce
8.7%
I’m not a good lover, but at least I’m fast.Drew Carey
5.9%
The radical right is so homophobic that they're blaming global warming on the AIDS quilt.Dennis Miller
5.2%
The trouble with the rat race is that even if you win, you're still a rat.Lily Tomlin
4.4%
Please, if you ever see me getting beaten up by the police, please put your video camera down and help me.Bobcat Goldthwait
1.6%

You're not logged in!

Compare scores with friends on all Sporcle quizzes.
OR
Log In

Sporcle TV

Today on Sporcle TV


Watch our educational content, quiz creation guides, and fun videos on Sporcle TV.

Show Comments

Extras

Top Quizzes Today


Score Distribution

Your Account Isn't Verified!

In order to create a playlist on Sporcle, you need to verify the email address you used during registration. Go to your Sporcle Settings to finish the process.

Report this User

Report this user for behavior that violates our Community Guidelines.

Details: